Normal view
MARC view
- Guide for working with people
Entry Topical Term
001 - CONTROL NUMBER
- control field: 6573
003 - CONTROL NUMBER IDENTIFIER
- control field: OSt
005 - DATE AND TIME OF LATEST TRANSACTION
- control field: 20170519162247.0
008 - FIXED-LENGTH DATA ELEMENTS
- fixed length control field: 170519|| aca||aabn | a|a d
040 ## - CATALOGING SOURCE
- Original cataloging agency: OSt
- Transcribing agency: OSt
150 ## - HEADING--TOPICAL TERM
- Topical term or geographic name entry element: Guide for working with people
670 ## - SOURCE DATA FOUND
- Source citation: Work cat.: (OSt): James R. Carlson 6572, Study Guide For Use With :, 1985

PORTAL AKMAL
E-MEL JKDM
AKMAL2U
G-BAM
u-PUSTAKA